[Event "AUT-ch"]
[Site "Frohnleiten"]
[Date "2000.??.??"]
[Round "1.23"]
[White "Fahrner, Kurt"]
[Black "Dohr, Alexander"]
[Result "1-0"]
[WhiteElo "2328"]
[BlackElo "2177"]
[PlyCount "113"]
[EventDate "2000.08.05"]
[EventType "swiss"]
[EventRounds "9"]
[EventCountry "AUT"]
[SourceTitle "CBM 077 Extra"]
[Source "ChessBase"]
[SourceDate "2000.09.14"]
[SourceVersion "1"]
[SourceVersionDate "2000.09.14"]
[SourceQuality "1"]

1. c4 Nf6 2. Nc3 g6 3. d4 d6 4. Nf3 Bg4 5. e3 Nbd7 6. Be2 Bg7 7. h3 Bxf3 8. Bxf3 c6 9. b4 0-0 10. 0-0 e5 11. b5 Qc7 12. Ba3 Rfd8 13. bxc6 bxc6 14. Rb1 Rab8 15. Rxb8 Nxb8 16. Qa4 exd4 17. exd4 Nfd7 18. Rd1 Nb6 19. Qb3 Qc8 20. c5 dxc5 21. dxc5 Rxd1+ 22. Bxd1 N6d7 23. Ne4 Qe8 24. Bc2 Qe5 25. g3 h6 26. Nd6 Qf6 27. Bd3 Qf3 28. Nxf7 Kf8 29. Bxg6 Qf6 30. Bh5 Qf5 31. g4 Qf4 32. Nd8 Ke7 33. Ne6 Qe5 34. Nxg7 Qxg7 35. Bb2 Qg5 36. Bd4 Na6 37. Qf7+ Kd8 38. Be3 Qf6 39. Qc4 Nab8 40. Bf4 Ne5 41. Qd4+ Nbd7 42. Kg2 Nxg4 43. Qd6 Qxd6 44. cxd6 Ngf6 45. Bf3 c5 46. Bxh6 Ke8 47. Bc6 Kf7 48. Bxd7 Nxd7 49. Bf4 Ke6 50. Kf3 Kf5 51. h4 c4 52. h5 c3 53. h6 c2 54. h7 Ne5+ 55. Kg3 Ng6 56. Bc1 Ke6 57. Ba3 1-0

[Event "Frohnleiten op"]
[Site "Frohnleiten"]
[Date "2000.??.??"]
[Round "?"]
[White "Galyas, Miklos"]
[Black "Dohr, Alexander"]
[Result "1-0"]
[WhiteElo "2440"]
[BlackElo "2198"]
[PlyCount "147"]
[EventDate "2000.??.??"]
[EventType "swiss"]
[EventRounds "9"]
[EventCountry "AUT"]
[SourceTitle "EXT 2002"]
[Source "ChessBase"]
[SourceDate "2001.11.25"]
[SourceVersion "1"]
[SourceVersionDate "2001.11.25"]
[SourceQuality "1"]

1. d4 d5 2. Bg5 Nd7 3. Nf3 Ngf6 4. Nbd2 e6 5. e3 c6 6. Bd3 Qb6 7. Rb1 Qa5 8. a3 Ne4 9. Bf4 Be7 10. 0-0 Ndf6 11. c3 0-0 12. Qc2 Nxd2 13. Nxd2 h6 14. h3 Qd8 15. c4 Bd6 16. c5 Bxf4 17. exf4 Ne8 18. Nf3 Qf6 19. Qd2 Nc7 20. Ne5 Qd8 21. g4 Bd7 22. g5 hxg5 23. fxg5 Be8 24. Qf4 f5 25. Be2 g6 26. Kg2 Kg7 27. h4 Rh8 28. Rh1 b6 29. Nd3 Qe7 30. Rh3 e5 31. Qxe5+ Qxe5 32. dxe5 Ne6 33. b4 Rb8 34. cxb6 axb6 35. a4 Ra8 36. Bd1 c5 37. bxc5 bxc5 38. Bf3 Rd8 39. Rb6 Bf7 40. Rxe6 Bxe6 41. Nxc5 Bf7 42. e6 Rc8 43. Nd3 Bxe6 44. Nf4 Bd7 45. Bxd5 Bc6 46. Bxc6 Rxc6 47. h5 gxh5 48. Rb3 h4 49. Rb7+ Kg8 50. Nd5 h3+ 51. Kh2 Ra6 52. Nf6+ Kf8 53. g6 Rxf6 54. g7+ Kg8 55. gxh8Q+ Kxh8 56. Rb3 Ra6 57. Ra3 Kg7 58. a5 Kf6 59. Kxh3 Ke5 60. Ra4 Rh6+ 61. Kg3 Ra6 62. Kf3 Ke6 63. Kf4 Kf6 64. Ra1 Kg6 65. Ke5 Kg5 66. Kd5 Kf4 67. Kc5 Kf3 68. Ra2 f4 69. Kb5 Re6 70. a6 Re2 71. Rxe2 Kxe2 72. a7 f3 73. a8Q Kxf2 74. Kc4 1-0

[Event "AUT-chT2S 9899"]
[Site "Austria"]
[Date "1999.03.20"]
[Round "10.3"]
[White "Jacob, Volker"]
[Black "Dohr, Alexander"]
[Result "1-0"]
[WhiteElo "2200"]
[BlackElo "2225"]
[PlyCount "161"]
[EventDate "1998.10.??"]
[EventType "team"]
[EventRounds "11"]
[EventCountry "AUT"]
[SourceTitle "EXT 2001"]
[Source "ChessBase"]
[SourceDate "2000.11.22"]
[SourceVersion "1"]
[SourceVersionDate "2000.11.22"]
[SourceQuality "1"]

1. d4 Nf6 2. c4 g6 3. Nc3 d5 4. Nf3 Bg7 5. Qb3 dxc4 6. Qxc4 a6 7. e4 b5 8. Qb3 Bb7 9. e5 Ne4 10. Be2 0-0 11. a4 c5 12. Nxe4 Bxe4 13. dxc5 Bd5 14. Qd1 b4 15. 0-0 Nc6 16. Bg5 Nxe5 17. Nxe5 Bxe5 18. Qd2 Bc6 19. Qxb4 Rb8 20. Qh4 Re8 21. Rad1 Qc7 22. Rd3 Bg7 23. b3 Qe5 24. Re3 Qxc5 25. Bxe7 Qc2 26. Bc4 Rb7 27. Bc5 Rxe3 28. Bxe3 Rd7 29. Qf4 h5 30. h3 Bf8 31. Bd4 Qe4 32. Qxe4 Bxe4 33. Bc3 Bb7 34. Re1 Be7 35. Kf1 Kf8 36. f3 Bh4 37. Rb1 Bg3 38. Be1 Be5 39. Ke2 Kg7 40. Bb4 Rc7 41. Rd1 g5 42. Bd6 Bxd6 43. Rxd6 a5 44. Ke3 h4 45. Kd4 Re7 46. Kc5 f5 47. Kb6 g4 48. fxg4 fxg4 49. Rd4 Be4 50. Kxa5 g3 51. Rd2 Re5+ 52. Kb6 Rf5 53. a5 Rf2 54. Rxf2 gxf2 55. Bf1 Kf6 56. a6 Ke5 57. b4 Kf4 58. b5 Kg3 59. a7 Kh2 60. Kc7 Kg1 61. Bc4 Bd5 62. Bxd5 f1Q 63. a8Q Qxb5 64. Qa1+ Kh2 65. Qe5+ Kg1 66. Kd6 Qb8+ 67. Ke6 Qg8+ 68. Kf5 Qh7+ 69. Kg4 Qg6+ 70. Kxh4 Qh6+ 71. Kg4 Qg6+ 72. Qg5 Qd3 73. h4 Qd4+ 74. Kh3 Qd3+ 75. Bf3 Qd7+ 76. Qg4 Qd6 77. Qg3 Qe6+ 78. Bg4 Qe4 79. Qh2+ Kf1 80. g3 Qb4 81. Qg2+ 1-0

[Event "AUT-chT2S 9899"]
[Site "Austria"]
[Date "1999.03.06"]
[Round "7.6"]
[White "Dohr, Alexander"]
[Black "Waldmann, Gerald"]
[Result "1-0"]
[WhiteElo "2225"]
[BlackElo "2150"]
[PlyCount "67"]
[EventDate "1998.10.??"]
[EventType "team"]
[EventRounds "11"]
[EventCountry "AUT"]
[SourceTitle "EXT 2001"]
[Source "ChessBase"]
[SourceDate "2000.11.22"]
[SourceVersion "1"]
[SourceVersionDate "2000.11.22"]
[SourceQuality "1"]

1. e4 e6 2. Nc3 d5 3. Nf3 Nf6 4. e5 Nfd7 5. a3 c5 6. Bb5 Nc6 7. 0-0 Be7 8. Re1 0-0 9. d3 Qb6 10. Bxc6 bxc6 11. b3 f6 12. Bb2 fxe5 13. Na4 Qc7 14. Nxe5 Bd6 15. Qe2 Nb6 16. Nxb6 axb6 17. Qg4 d4 18. Qe4 Bb7 19. Bc1 Rae8 20. Bf4 b5 21. Bg3 Rf5 22. Nf3 Bxg3 23. hxg3 Rf6 24. Ng5 Rg6 25. f4 Bc8 26. Kf2 Rh6 27. Rh1 e5 28. Rae1 c4 29. bxc4 bxc4 30. dxc4 Re7 31. Rxh6 gxh6 32. Nf3 Be6 33. Qxe5 Qd7 34. f5 1-0

[Event "Cappelle op 15th"]
[Site "Cappelle la Grande"]
[Date "1999.02.??"]
[Round "?"]
[White "Primel, Dominique"]
[Black "Dohr, Alexander"]
[Result "0-1"]
[WhiteElo "2030"]
[BlackElo "2218"]
[PlyCount "104"]
[EventDate "1999.02.13"]
[EventType "swiss"]
[EventRounds "9"]
[EventCountry "FRA"]
[SourceTitle "EXT 2002"]
[Source "ChessBase"]
[SourceDate "2001.11.25"]
[SourceVersion "1"]
[SourceVersionDate "2001.11.25"]
[SourceQuality "1"]

1. Nf3 g6 2. c4 Nf6 3. Nc3 Bg7 4. e4 d6 5. d4 0-0 6. Be2 c6 7. 0-0 Qc7 8. Qc2 Bg4 9. Be3 Nbd7 10. Ne1 Bxe2 11. Qxe2 Qa5 12. f3 a6 13. a3 b5 14. Nc2 Qc7 15. Rac1 Qb7 16. cxb5 cxb5 17. Nb4 Rac8 18. Ncd5 Nxd5 19. Nxd5 Nb6 20. Nxb6 Qxb6 21. Qf2 Qa5 22. Rfd1 Qa4 23. Qd2 Qb3 24. Bg5 f6 25. Be3 Kf7 26. h3 Rfd8 27. d5 Rc4 28. Rxc4 bxc4 29. Bd4 Bh6 30. Qe2 Bf4 31. Bc3 Rb8 32. Rd4 Rc8 33. Rd1 h5 34. Rf1 h4 35. Qf2 g5 36. Qa7 Qb5 37. Re1 Bg3 38. Rf1 Rb8 39. Kh1 Bf4 40. Kg1 Rb7 41. Qf2 Bg3 42. Qe3 Qb3 43. Qd2 Ke8 44. Qe2 Kd7 45. Qd1 Rb5 46. Qxb3 cxb3 47. Bd4 Be5 48. Bxe5 fxe5 49. Rc1 Rc5 50. Rxc5 dxc5 51. Kf1 c4 52. Ke2 c3 0-1

[Event "AUT-chT2S 9899"]
[Site "Austria"]
[Date "1999.01.24"]
[Round "6.3"]
[White "Raffalt, Manfred"]
[Black "Dohr, Alexander"]
[Result "0-1"]
[WhiteElo "2180"]
[BlackElo "2225"]
[PlyCount "52"]
[EventDate "1998.10.??"]
[EventType "team"]
[EventRounds "11"]
[EventCountry "AUT"]
[SourceTitle "EXT 2001"]
[Source "ChessBase"]
[SourceDate "2000.11.22"]
[SourceVersion "1"]
[SourceVersionDate "2000.11.22"]
[SourceQuality "1"]

1. d4 d5 2. c4 c6 3. cxd5 cxd5 4. Nc3 Nc6 5. e4 Nf6 6. e5 Ng8 7. Nf3 e6 8. Bd3 Bd7 9. 0-0 a6 10. a3 Nge7 11. b4 Ng6 12. Bg5 f6 13. Bh4 Nxh4 14. Nxh4 g6 15. b5 axb5 16. Nxb5 fxe5 17. Nxg6 hxg6 18. Bxg6+ Ke7 19. Qc1 Be8 20. Bxe8 Kxe8 21. dxe5 Rc8 22. Qb1 Qd7 23. f4 Bc5+ 24. Kh1 Nd4 25. Nxd4 Bxd4 26. Qd3 Bxa1 0-1

[Event "AUT-chT2S 9899"]
[Site "Austria"]
[Date "1999.01.23"]
[Round "5.6"]
[White "Sereinig, Eduard"]
[Black "Dohr, Alexander"]
[Result "1-0"]
[WhiteElo "2210"]
[BlackElo "2225"]
[PlyCount "81"]
[EventDate "1998.10.??"]
[EventType "team"]
[EventRounds "11"]
[EventCountry "AUT"]
[SourceTitle "EXT 2001"]
[Source "ChessBase"]
[SourceDate "2000.11.22"]
[SourceVersion "1"]
[SourceVersionDate "2000.11.22"]
[SourceQuality "1"]

1. Nf3 e6 2. g3 Nf6 3. Bg2 Be7 4. 0-0 0-0 5. d3 d5 6. Nc3 c5 7. e4 d4 8. Ne2 Nc6 9. Nd2 e5 10. f4 exf4 11. gxf4 Ng4 12. Nf3 f5 13. Ng3 fxe4 14. Nxe4 Nb4 15. Ne5 Nxe5 16. fxe5 Rxf1+ 17. Bxf1 Qd5 18. Bf4 Qf7 19. Bg3 Qg6 20. Be2 Bh3 21. c3 Nc6 22. Qb3+ Kh8 23. Qxb7 Rf8 24. Bf1 Bc8 25. Qc7 h5 26. Nd6 h4 27. Nxc8 hxg3 28. Bg2 Qh6 29. h3 Qe3+ 30. Kh1 Nxe5 31. Nxe7 Rf7 32. Qxe5 Rxe7 33. Qxe3 Rxe3 34. cxd4 cxd4 35. Be4 Re2 36. Rc1 g5 37. Rc7 a5 38. Rc5 a4 39. Ra5 Rxb2 40. Rxa4 Rh2+ 41. Kg1 1-0

[Event "Frohnleiten op"]
[Site "Frohnleiten"]
[Date "1999.??.??"]
[Round "7"]
[White "Dohr, Alexander"]
[Black "Baumegger, Siegfried"]
[Result "1/2-1/2"]
[WhiteElo "2218"]
[BlackElo "2405"]
[PlyCount "107"]
[EventDate "1999.??.??"]
[EventType "swiss"]
[EventRounds "9"]
[EventCountry "AUT"]
[SourceTitle "EXT 2001"]
[Source "ChessBase"]
[SourceDate "2000.11.22"]
[SourceVersion "1"]
[SourceVersionDate "2000.11.22"]
[SourceQuality "1"]

1. e4 e5 2. Nf3 Nc6 3. Bb5 a6 4. Ba4 Nf6 5. Bxc6 dxc6 6. d3 Bd6 7. Nbd2 0-0 8. Nc4 Nd7 9. Ne3 Nc5 10. Bd2 Ne6 11. Nf5 c5 12. h3 Nd4 13. g4 Kh8 14. c3 Ne6 15. Qc2 b5 16. Rd1 Qe8 17. Be3 Qc6 18. Ng5 Nxg5 19. Bxg5 Re8 20. f3 Bxf5 21. gxf5 f6 22. Be3 c4 23. dxc4 bxc4 24. Rd5 Rab8 25. Rg1 Rg8 26. Rg4 Qe8 27. Ra5 Qc6 28. Qf2 Rgf8 29. Qg2 Rf7 30. Qc2 Bf8 31. Rg2 Rd7 32. Qa4 Qxa4 33. Rxa4 Rd3 34. Re2 Rbd8 35. Rxc4 Rd1+ 36. Kf2 Bd6 37. Ra4 Ra8 38. c4 Kg8 39. c5 Be7 40. b4 Rb1 41. Rd2 Kf8 42. Rd7 Rc8 43. Rd3 Rb8 44. a3 Ra8 45. c6 Bd6 46. Rd5 Rb3 47. Rda5 Rb2+ 48. Kf1 Ra2 49. Ke1 Kf7 50. Bd2 Rd8 51. Rxa6 Bc5 52. bxc5 Rdxd2 53. Ra7 Re2+ 54. Kd1 1/2-1/2

[Event "Frohnleiten op"]
[Site "Frohnleiten"]
[Date "1999.??.??"]
[Round "3"]
[White "Dohr, Alexander"]
[Black "Franic, Milan"]
[Result "0-1"]
[WhiteElo "2218"]
[BlackElo "2435"]
[PlyCount "40"]
[EventDate "1999.??.??"]
[EventType "swiss"]
[EventRounds "9"]
[EventCountry "AUT"]
[SourceTitle "EXT 2001"]
[Source "ChessBase"]
[SourceDate "2000.11.22"]
[SourceVersion "1"]
[SourceVersionDate "2000.11.22"]
[SourceQuality "1"]

1. e4 e5 2. Nc3 Nc6 3. g3 Bc5 4. d3 d6 5. Na4 Nf6 6. Nxc5 dxc5 7. h3 Qe7 8. Nf3 h6 9. Bg2 Be6 10. Qe2 0-0-0 11. Bd2 Nd7 12. c3 Nb6 13. b3 Rd7 14. 0-0-0 c4 15. dxc4 Qa3+ 16. Kb1 Bxc4 17. bxc4 Na4 18. Bc1 Nxc3+ 19. Ka1 Rxd1 20. Rxd1 Qa4 0-1

[Event "Frohnleiten op"]
[Site "Frohnleiten"]
[Date "1999.??.??"]
[Round "5"]
[White "Dohr, Alexander"]
[Black "Jovanovic, Sasa D"]
[Result "0-1"]
[WhiteElo "2218"]
[BlackElo "2354"]
[PlyCount "130"]
[EventDate "1999.??.??"]
[EventType "swiss"]
[EventRounds "9"]
[EventCountry "AUT"]
[SourceTitle "EXT 2001"]
[Source "ChessBase"]
[SourceDate "2000.11.22"]
[SourceVersion "1"]
[SourceVersionDate "2000.11.22"]
[SourceQuality "1"]

1. e4 c5 2. Nc3 Nc6 3. g3 g6 4. Bg2 Bg7 5. Nge2 d6 6. Nd5 e6 7. Ne3 Nge7 8. d3 0-0 9. h4 h5 10. g4 f5 11. gxf5 exf5 12. f4 Nd4 13. Nxd4 cxd4 14. Nd5 Nxd5 15. exd5 Bf6 16. Bf3 Bxh4+ 17. Kf1 Rf7 18. Bd2 Bf6 19. Qe2 a5 20. Qg2 Rg7 21. Re1 Bd7 22. a3 Rc8 23. Bc1 Qc7 24. Rh2 Re8 25. Re2 Bb5 26. Rxe8+ Bxe8 27. Bd1 Kf8 28. Bd2 Re7 29. a4 Bf7 30. Be1 Qb6 31. Qd2 Qxb2 32. Qxa5 Qc1 33. Qd2 Qxd2 34. Bxd2 Bxd5 35. Bb4 Rd7 36. a5 Kf7 37. Kf2 Rd8 38. Bd2 Ra8 39. Bb4 Ra6 40. Bf3 Bxf3 41. Kxf3 Bd8 42. c3 dxc3 43. Ra2 b6 44. Bxc3 bxa5 45. Ra4 Ke6 46. Bd2 h4 47. Bc3 Ra8 48. Be1 Kd5 49. Kg2 Kc6 50. Rc4+ Kb5 51. Rd4 Ra6 52. Kh3 a4 53. Rb4+ Kc6 54. Bc3 a3 55. Ba1 g5 56. fxg5 Bxg5 57. Kg2 a2 58. Rd4 Kd7 59. Rc4 Ke6 60. Rc2 Bf6 61. d4 Ra3 62. Rd2 h3+ 63. Kh2 Bg5 64. Rd1 Bf4+ 65. Kh1 Rb3 0-1

[Event "Frohnleiten op"]
[Site "Frohnleiten"]
[Date "1999.??.??"]
[Round "4"]
[White "Neubauer, Martin"]
[Black "Dohr, Alexander"]
[Result "0-1"]
[WhiteElo "2304"]
[BlackElo "2218"]
[PlyCount "42"]
[EventDate "1999.??.??"]
[EventType "swiss"]
[EventRounds "9"]
[EventCountry "AUT"]
[SourceTitle "EXT 2001"]
[Source "ChessBase"]
[SourceDate "2000.11.22"]
[SourceVersion "1"]
[SourceVersionDate "2000.11.22"]
[SourceQuality "1"]

1. e4 d5 2. exd5 Qxd5 3. Nc3 Qa5 4. d4 Bf5 5. Bd2 c6 6. Nf3 Nd7 7. Be2 e6 8. Nh4 Bg6 9. a3 Be7 10. b4 Qc7 11. Nxg6 hxg6 12. g3 Ngf6 13. Bf3 e5 14. d5 cxd5 15. Nxd5 Nxd5 16. Bxd5 Nb6 17. Bg2 Rd8 18. Qe2 0-0 19. c3 Bg5 20. f4 exf4 21. 0-0 f3 0-1

[Event "Frohnleiten op"]
[Site "Frohnleiten"]
[Date "1999.??.??"]
[Round "8"]
[White "Rodkin, Rafael"]
[Black "Dohr, Alexander"]
[Result "1-0"]
[WhiteElo "2240"]
[BlackElo "2218"]
[PlyCount "109"]
[EventDate "1999.??.??"]
[EventType "swiss"]
[EventRounds "9"]
[EventCountry "AUT"]
[SourceTitle "EXT 2001"]
[Source "ChessBase"]
[SourceDate "2000.11.22"]
[SourceVersion "1"]
[SourceVersionDate "2000.11.22"]
[SourceQuality "1"]

1. c4 Nf6 2. Nc3 g6 3. e4 d6 4. d4 Bg7 5. Nf3 0-0 6. Be2 a6 7. 0-0 c6 8. a4 Nbd7 9. Re1 Qc7 10. a5 c5 11. d5 b6 12. axb6 Nxb6 13. h3 Rb8 14. Nd2 Nfd7 15. Nb3 Re8 16. Na5 Ra8 17. Bf4 Ne5 18. Qd2 Bd7 19. Bh2 f6 20. Ra2 Rf8 21. f4 Bh6 22. Qd1 Nf7 23. Bg4 Bxg4 24. Qxg4 Bg7 25. h4 f5 26. Qf3 Nh6 27. Kh1 Qd7 28. b3 fxe4 29. Nxe4 Nf5 30. Qh3 e6 31. dxe6 Qxe6 32. Rae2 Qd7 33. Ng5 Rfe8 34. h5 Rxe2 35. Rxe2 Re8 36. Qd3 Nd4 37. Rxe8+ Qxe8 38. hxg6 Qe1+ 39. Bg1 h6 40. Qe4 Qe2 41. Bxd4 Qxe4 42. Nxe4 cxd4 43. Nf2 Bf8 44. Nd3 Kg7 45. g4 Kxg6 46. Kg2 h5 47. gxh5+ Kxh5 48. Kf3 d5 49. c5 Nc8 50. Nc6 Bg7 51. Ncb4 Ne7 52. Nxa6 Nf5 53. b4 Nh4+ 54. Ke2 Bf6 55. c6 1-0

[Event "AUT-chT2S 9899"]
[Site "Austria"]
[Date "1998.11.22"]
[Round "4.3"]
[White "Dohr, Alexander"]
[Black "Reichmann, Egon"]
[Result "1-0"]
[WhiteElo "2225"]
[BlackElo "2260"]
[PlyCount "111"]
[EventDate "1998.10.??"]
[EventType "team"]
[EventRounds "11"]
[EventCountry "AUT"]
[SourceTitle "EXT 2001"]
[Source "ChessBase"]
[SourceDate "2000.11.22"]
[SourceVersion "1"]
[SourceVersionDate "2000.11.22"]
[SourceQuality "1"]

1. e4 e5 2. Nf3 Nc6 3. Bb5 f5 4. 0-0 fxe4 5. Bxc6 dxc6 6. Nxe5 Qd4 7. Ng4 Bf5 8. Ne3 Bg6 9. Nc3 Bd6 10. Re1 Ne7 11. Qg4 0-0 12. Qe6+ Kh8 13. Ne2 Qf6 14. Qxf6 Rxf6 15. Ng4 Rf7 16. Ng3 h5 17. Ne3 h4 18. Nh1 Nd5 19. Nxd5 cxd5 20. h3 Raf8 21. d4 exd3 22. cxd3 Bc5 23. Be3 d4 24. Bg5 Bxd3 25. Bxh4 Bc2 26. Rac1 d3 27. Rxc2 dxc2 28. Rc1 Re8 29. Rxc2 Re1+ 30. Kh2 b6 31. g4 Rd7 32. Ng3 Bd6 33. Kg2 Bf4 34. Nf5 c5 35. Bg3 Bxg3 36. Nxg3 Rc7 37. h4 b5 38. h5 c4 39. Nf5 b4 40. Ne3 c3 41. bxc3 bxc3 42. Nd5 Rc5 43. Nf4 Kg8 44. Nd3 Ree5 45. Nxe5 Rxe5 46. Rxc3 Ra5 47. a3 Kf7 48. Kg3 g6 49. Rc7+ Kg8 50. hxg6 Rxa3+ 51. f3 a5 52. Kf4 a4 53. Ra7 Kf8 54. Kg5 Rxf3 55. g7+ Kg8 56. Kg6 1-0